000 00570nam a2200217 4500
003 OSt
005 20220817131124.0
008 220817b |||||||| |||| 00| 0 eng d
020 _a9781412981491
040 _cIFM Library
082 _a658.8
100 _aLee, Nancy R.
245 _aSocial Marketing: Influencing Behaviors for Good
250 _a4th ed.
260 _aLondon
_bSAGE
_c2011
300 _axi, 502p.:
_bill.; 23cm.
500 _aInclude Bibliographical Reference and Index
650 _asocial
700 _aPhilip Kotler
942 _cBK
_2ddc
_n0
999 _c14526
_d14526